Politker im Bundestag - Linkspartei - Statistiken

Allgemein
  • Dieses Quiz wurde 43 mal gespielt
  • Das Durchschnittsergebnis liegt bei 11 aus 68
Antwortstatistiken
Bildquiz Antwort % Korrekt
Sahra Wagenknecht
88%
Dietmar Bartsch
83%
Gregor Gysi
83%
Petra Pau
63%
Katja Kipping
50%
Fabio de Masi
45%
Jan Korte
38%
Amira Mohamed Ali
35%
Klaus Ernst
35%
Bernd Riexinger
33%
Gesine Lötzsch
33%
Caren Lay
28%
Andrej Hunko
23%
Sevim Dagdelen
23%
Martina Renner
20%
Sören Pellmann
20%
Diether Dehm
18%
Gökay Akbulut
18%
Lorenz Gösta Beutin
18%
Alexander Neu
15%
Andre Hahn
15%
Friedrich Straetmanns
15%
Heike Hänsel
15%
Christine Buchholz
13%
Hubertus Zdebel
13%
Kerstin Kassner
13%
Niema Movassat
13%
Susanne Ferschl
13%
Tobias Pflüger
13%
Victor Perli
13%
Anke Domscheit-Berg
10%
Cornelia Möhring
10%
Matthias W. Birkwald
10%
Pia Zimmermann
10%
Simone Barrientos
10%
Stefan Liebich
10%
Ulla Jelpke
10%
Alexander Ulrich
8%
Axel Troost
8%
Jutta Krellmann
8%
Kathrin Vogler
8%
Norbert Müller
8%
Petra Sitte
8%
Thomas Lutze
8%
Birke Bull-Bischoff
5%
Harald Weinberg
5%
Heidrun Bluhm
5%
Ingrid Remmers
5%
Jörg Cezanne
5%
Katrin Werner
5%
Kersten Steinke
5%
Kirsten Tackmann
5%
Matthias Höhn
5%
Nicole Gohlke
5%
Pascal Meiser
5%
Ralph Lenkert
5%
Sabine Leidig
5%
Thomas Nord
5%
Achim Kessler
3%
Andreas Wagner
3%
Doris Achewilm
3%
Eva Schreiber
3%
Evrim Sommer
3%
Jessica Tatti
3%
Żaklin Nastić
3%
Brigitte Freihold
0%
Michael Brandt
0%
Sylvia Gabelmann
0%
Keine übereinstimmenden Quizze gefunden
Verteilung der Resultate
Anzahl Personen mit jedem Resultat
Perzentil nach korrekt beantworteten Fragen
Ihre Resultats-Entwicklung
Sie haben dieses Quiz noch nicht gespielt